<?xml version="1.0" encoding="UTF-8"?>
<collection xmlns="http://www.loc.gov/MARC21/slim">
 <record>
  <leader>01047nam a22003017a 4500</leader>
  <controlfield tag="001">36406</controlfield>
  <controlfield tag="003">BD-DhAAL</controlfield>
  <controlfield tag="005">20211129113209.0</controlfield>
  <controlfield tag="008">191021t2017    ii a|||| |||| 001 0 eng d</controlfield>
  <datafield tag="999" ind1=" " ind2=" ">
   <subfield code="c">41511</subfield>
   <subfield code="d">41511</subfield>
  </datafield>
  <datafield tag="020" ind1=" " ind2=" ">
   <subfield code="a">9788131534250</subfield>
  </datafield>
  <datafield tag="020" ind1=" " ind2=" ">
   <subfield code="a">8131534251</subfield>
  </datafield>
  <datafield tag="040" ind1=" " ind2=" ">
   <subfield code="a">BD-DhAAL</subfield>
  </datafield>
  <datafield tag="082" ind1=" " ind2=" ">
   <subfield code="a">332.10688</subfield>
   <subfield code="2">19</subfield>
  </datafield>
  <datafield tag="100" ind1=" " ind2=" ">
   <subfield code="a">Sharma, Renuka</subfield>
   <subfield code="9">36305</subfield>
  </datafield>
  <datafield tag="245" ind1=" " ind2=" ">
   <subfield code="a">Financial Services /</subfield>
   <subfield code="c">Renuka Sharma, Kiran Mehta</subfield>
  </datafield>
  <datafield tag="260" ind1=" " ind2=" ">
   <subfield code="a">Delhi :</subfield>
   <subfield code="b">Cengage,</subfield>
   <subfield code="c">c2017</subfield>
  </datafield>
  <datafield tag="300" ind1=" " ind2=" ">
   <subfield code="a">xii, 614 pages :</subfield>
   <subfield code="b">illustration ;</subfield>
   <subfield code="c">28 cm</subfield>
  </datafield>
  <datafield tag="500" ind1=" " ind2=" ">
   <subfield code="a">Includes index.</subfield>
  </datafield>
  <datafield tag="526" ind1=" " ind2=" ">
   <subfield code="a">BBS</subfield>
  </datafield>
  <datafield tag="541" ind1=" " ind2=" ">
   <subfield code="a">Hye Trade International</subfield>
   <subfield code="e">36406</subfield>
  </datafield>
  <datafield tag="650" ind1=" " ind2=" ">
   <subfield code="a">Financial services industry.</subfield>
   <subfield code="9">36306</subfield>
  </datafield>
  <datafield tag="650" ind1=" " ind2=" ">
   <subfield code="a">BUSINESS &amp; ECONOMICS</subfield>
   <subfield code="x">Finance.</subfield>
   <subfield code="9">36307</subfield>
  </datafield>
  <datafield tag="650" ind1=" " ind2=" ">
   <subfield code="a">Business &amp; finance.</subfield>
   <subfield code="9">43377</subfield>
  </datafield>
  <datafield tag="700" ind1=" " ind2=" ">
   <subfield code="a">Mehta, Kiran</subfield>
   <subfield code="9">36308</subfield>
  </datafield>
  <datafield tag="852" ind1=" " ind2=" ">
   <subfield code="a">Ayesha Abed Library</subfield>
   <subfield code="c">General Stacks</subfield>
  </datafield>
  <datafield tag="942" ind1=" " ind2=" ">
   <subfield code="2">ddc</subfield>
   <subfield code="c">BK</subfield>
  </datafield>
  <datafield tag="952" ind1=" " ind2=" ">
   <subfield code="0">0</subfield>
   <subfield code="1">0</subfield>
   <subfield code="2">ddc</subfield>
   <subfield code="4">0</subfield>
   <subfield code="6">332_106880000000000_SHA</subfield>
   <subfield code="7">0</subfield>
   <subfield code="9">66834</subfield>
   <subfield code="a">BRACUL</subfield>
   <subfield code="b">BRACUL</subfield>
   <subfield code="c">GEN</subfield>
   <subfield code="d">2019-10-17</subfield>
   <subfield code="e">Hye Trade International</subfield>
   <subfield code="g">736.00</subfield>
   <subfield code="l">0</subfield>
   <subfield code="o">332.10688 SHA</subfield>
   <subfield code="p">3010036406</subfield>
   <subfield code="r">2019-10-17</subfield>
   <subfield code="t">1</subfield>
   <subfield code="v">736.00</subfield>
   <subfield code="w">2019-10-17</subfield>
   <subfield code="y">BK</subfield>
  </datafield>
 </record>
</collection>
